Responses for Show #25 - Friday, October 12, 1984

Paul Croshier game 1-A.
Missing prizes.

Contestants

[<< previous game]

Toni Bond, a seventh grade English teacher from Lompoc, California

Paul Croshier, a Marine Corps staff sergeant stationed at Camp Pendleton, California

Donna Levin, a writer from New York (whose 1-day cash winnings total $6,000)

Jeopardy! Round responses

LAKES & RIVERS
SPORTS
SPELLING
(Alex: Now, before I ask our returning champion to make a selection, I do want to point out that we have a new category up there called SPELLING, and this category is very specific, players. You are going to be expected to spell the important word in the question, and as soon as, and if you happen to make a mistake on one letter, we will rule you wrong at that point and somebody else will get a chance.)
FORMER CAPITALS
BEARS
DESSERTS
    $100 3
the Nile

Toni
    $100 1
(Alex: We're gonna have fun with this.)

M-I-C-K-E-Y M-O-U-S-E

Donna
    $100 14
Rio de Janeiro

Paul
    $100 19
a cub

Toni
    $100 9
(Alex: You're right, and you're even now.)
(Paul: Good.)

crêpes

Paul
    $200 10
the Red River

Paul
    $200 2
(Donna: [Making a face] Uh-oh. What is R-E-S--)
[The incorrect response signal sounds.]
(Alex: Whoop. I'll let you finish.)
[Donna makes another face.]
(Alex: Didn't get--didn't finish in--Paul?)

R-E-S-P-E-C-T

DonnaPaul
    $200 15
Ankara

Paul
    $200 20
winter

Paul
    $200 8
(Toni: [No response])
(Alex: Sorry, you took too long.)

mousse

DonnaToni
    $300 11
(Alex: Well, we've found something that you enjoy, and a category you can roll through. Go again.)
(Paul: I'm sort of amphibious.)

the Mississippi

Paul
    $300 4
(Paul: C-A-U-L-I-F-A--)
(Alex: Wrong!)

C-A-U-L-I-F-L-O-W-E-R

PaulToni
    $300 16
(Alex: We've got less than a minute to go in the round.)

India

Paul
    $300 21
a grizzly

Toni
    $300 7
kiwi

Donna
    $400 12
the Finger Lakes

Paul
    $500 5
(Alex: You'll--if you're wrong, you'll end up being tied with Paul, uh, and with Donna, at $100 in the hole.)

P-A-R-E-N-T-H-E-S-E-S

Toni
    $400 17
China

Paul
    $400 22
[The end-of-round signal sounds.]

Boston

Donna
    $500 13
[Applause for Paul]

the Great Salt Lake

Paul
    $500 6
(Alex: Well, that takes care of SPELLING. Now there's nowhere to go, Toni.)
(Toni: Well, while we're on the subject, let's go to DESSERTS for $300, please.)
(Alex: Oh! All righty.)

M-E-R-I-N-G-U-E

Toni
    $500 18
Poland

Paul

Scores at the first commercial break (after clue 5):

Donna Paul Toni
-$100 -$100 $900

Scores at the end of the Jeopardy! Round:

Donna Paul Toni
$800 $3,100 $1,600

Double Jeopardy! Round responses

ART
MEDICINE
ON THE “OUTS”
HISTORY
MUSIC
CANADA
    $200 1
white & red

Toni
    $200 7
(Paul: What's out--s--outside?)
...
(Alex: Yes, it happens whenever Kareem does it, or any other player, for that matter.)

out of bounds

PaulToni
    $200 3
Julius Caesar

Toni
    $200 10
the Tijuana Brass

Paul
    $200 21
maple

Paul
    $400 26
[The end-of-round signal sounds.]

Rembrandt

Paul
    $400 2
98.6

Paul
    $400 8
the Outback

Paul
    $400 9
the Hundred Years' War

Toni
    $400 11
Rodgers

Paul
    $400 22
(Alex: You are right again, and we've got less than a minute to go in the round.)

Quebec

Paul
    $600 4
the nose

Donna
    $600 16
down and out

Toni
    $600 12
the Industrial Revolution

Toni
    $600 13
(Donna: What is jazz?)

country

DonnaToni
    $600 23
Calgary

Paul
    $800 5
(Paul: What is Medicare?)

Blue Cross

PaulToni
    $3,000 17
(Alex: [Hearing Toni's large wager] Whoops.)

out to lunch

Toni
    $800 20
Versailles

Paul
    $800 14
(Toni: [No response])

the sunny side of the street

PaulToni
    $800 24
Trudeau

Toni
    $1000 6
(Alex: Nice going, my dear!)

hiccups

Toni
    $1000 18
[Alex added the word "set" after "TV" in his reading of the clue.]

The Outer Limits

Paul
    $1000 19
Marat

Paul
    $1000 15
[ERRATUM: The Fantasticks was misspelled in the clue as shown.]

September

Donna
    $1000 25
(Paul: What is Labrador?)
(Toni: What is British Columbia?)

Newfoundland

PaulToni
Triple Stumper

Scores at the end of the Double Jeopardy! Round:

Donna Paul Toni
$1,800 $7,700 $8,200

[wagering suggestions for these scores]

Final Jeopardy! Round responses

FICTIONAL CHARACTERS
DonnaWho is Sneezy?
$1,800
PaulWho was Sneezy?
$7,695
ToniWho is Sneezy?
$8,000
Sneezy

Final scores:

Donna Paul Toni
$3,600 $15,395 $16,200
3rd place 2nd place New champion: $16,200

Game dynamics:

Coryat scores:

Donna Paul Toni
$1,800 $7,700 $5,900
6 R,
2 W
24 R,
4 W
17 R
(including 2 DDs),
3 W

Combined Coryat: $15,400

[game clues] [game scores] [suggest correction]

Game tape date: 1984-08-21
The J! Archive is created by fans, for fans. Scraping, republication, monetization, and malicious use prohibited; this site may use cookies and collect identifying information. See terms. The Jeopardy! game show and all elements thereof, including but not limited to copyright and trademark thereto, are the property of Jeopardy Productions, Inc. and are protected under law. This website is not affiliated with, sponsored by, or operated by Jeopardy Productions, Inc. Join the discussion at JBoard.tv.